Statistics for Top Grossing Films of the 1970s

Click here to take the quiz!

General Stats

  • This quiz has been taken 92 times
  • The average score is 7 of 19

Answer Stats

HintAnswer% Correct
1. (1977)Star Wars
87%
9. (1972The Godfather
84%
2. (1975)Jaws
80%
14. (1976)Rocky
49%
11. (1977/80)Close Encounters of the Third Kind
48%
5. (1973)The Sting
48%
3. (1973)The Exorcist
45%
4. (1978)Grease
41%
6. (1977)Saturday Night Fever
35%
17. (1975)One Flew Over the Cuckoo's Nest
34%
19. (1979) tieKramer vs. Kramer
33%
15. (1974)The Towering Inferno
28%
18. (1970) tieLove Story
25%
16. (1973)American Graffiti
22%
10. (1978)Superman
20%
12. (1977)Smokey and the Bandit
19%
7. (1978)(National Lampoon's) Animal House
18%
13. (1974)Blazing Saddles
8%
8. (1975)The Rocky Horror Picture Show
5%

Score Distribution

Percentile by Number Answered

Percent of People with Each Score

Your Score History

You have not taken this quiz